000 00913cam a22003133a 4500
001 717
003 PGUSA
005 20140828082952.0
008 961101s1996||||xxu|||||s|||||000 1 eng d
040 _aPGUSA
_beng
042 _adc
050 4 _aPS
100 1 _aHearn, Lafcadio,
_d1850-1904
245 1 0 _aChita :
_bA Memory of Last Island
_h[electronic resource] /
_cLafcadio Hearn
260 _bProject Gutenberg,
_c1996
506 _aPublic domain in the USA.
516 _aElectronic text
653 _aHurricanes -- Fiction
653 _aLouisiana -- Fiction
653 _aHistorical fiction
653 _aIslands -- Fiction
653 _aMissing children -- Fiction
653 _aFathers and daughters -- Fiction
653 _aPhysicians -- Fiction
653 _aYellow fever -- Fiction
830 0 _aProject Gutenberg
_v717
856 4 0 _uhttp://www.gutenberg.org/ebooks/717
942 _cEB
999 _c230068
_d230068